000 00978nam a2200229Ii 4500
003 JO-AjNU
008 230605s9999||||xx |||||||||||||| ||und||
017 _a2014/10/4851
020 _a978-9957-70-925-9
040 _aJO-AjNU
_bara
_erda
_cJO-AjNU
041 _aara
050 1 4 _aHD 2741 2015
100 3 _aتحرير: الشويات، محمود,
_eauthor
_952951
245 0 0 _aالحاكمية والفساد الاداري والمالي : وقائع المؤتمر العلمي الثالث لكلية ادارة الاعمال عجلون - الاردن 18-2014/11/19
250 _aط1
264 3 1 _aاربد: عالم الكتب الحديث للنشر والتوزيع، 2015
300 _a822ص
_bيحتوي على ببلوغرافية من 820-822ص
336 _atext
_btxt
_2rdacontent
337 _aunmediated
_bn
_2rdamedia
338 _avolume
_bnc
_2rdacarrier
650 4 _aالحاكمية - الفساد الاداري - الفساد المالي
_952952
999 _aA23486
_c27054
_d27054